LEADER 01148cam0-2200385---450- 001 990004074390403321 005 20141015161355.0 035 $a000407439 035 $aFED01000407439 035 $a(Aleph)000407439FED01 035 $a000407439 100 $a19990604d1979----km-y0itay50------ba 101 1 $aita 102 $aIT 105 $aa-------001yy 200 1 $a<>radici dell'Europa$eil dibattito ottocentesco su comunità di villaggio e familiari$fPaul H. Stahl, Massimo Guidetti 210 $aMilano$cJaca Book$d1979 215 $a398 p., 8 tav.$cill.$d24 cm 225 1 $aGià e non ancora$v50 610 0 $aComunità$aSociologia 610 0 $aProprietà familiare$aSec. 19.$aSaggi 610 0 $aComunità rurali$aSec. 19.$aSaggi 676 $a301.34 676 $a307.094 702 1$aStahl,$bPaul-Henri 702 1$aGuidetti,$bMassimo 801 0$aIT$bUNINA$gRICA$2UNIMARC 901 $aBK 912 $a990004074390403321 952 $aCOLLEZ. 596 (50)$b16845$fFSPBC 952 $a301.34 STA 1$bBibl.6500$fFLFBC 959 $aFSPBC 959 $aFLFBC 996 $aRadici dell'Europa$9478868 997 $aUNINA LEADER 01099nam0-22002891i-450 001 990005854240403321 005 20240206143543.0 035 $a000585424 035 $aFED01000585424 035 $a(Aleph)000585424FED01 035 $a000585424 100 $a19990530d1960----km-y0itay50------ba 101 0 $aita 105 $aaf------00--- 200 1 $aPrimi scavi del villaggio talaiotico di Ses PSisses (Arta-Maiorca)$e(Missione archeologica italiana, aprile - maggio 1959)$fG. Lilliu$gF. Bancofiore 210 $aCagliari$cUniversita di Cagliari$d1960 215 $a44 p., 11 tav.$cill.$d27 cm 300 $aEstratto dagli Annali della Facolta di Lettere e Filosofia e di Magistero dell'Universita di Cagliari. vol. XXVII - 1959 700 1$aLilliu,$bGiovanni$f<1914- >$0158387 702 1$aBiancofiore,$bFranco$f<1929- > 801 0$aIT$bUNINA$gRICA$2UNIMARC 901 $aBK 912 $a990005854240403321 952 $aARCH. BM MISC. 134 (28)$bARCH. 14574$fFLFBC 959 $aFLFBC 996 $aPrimi scavi del villaggio talaiotico di Ses PSisses (Arta-Maiorca$9565781 997 $aUNINA